[Event "Mezinarodni sachovy festival PLZEN 2023 – CALLIDITAS OPEN"]
[Site "Plzen (Ceska republika)"]
[Date "2023.08.21"]
[Round "3.4"]
[White "Olbrich, Joachim"]
[Black "Hlavac, Rudolf"]
[Result "1/2-1/2"]
[WhiteElo "2107"]
[BlackElo "1856"]
[PlyCount "84"]
[EventDate "2023.08.19"]

{[%evp 0,84,31,46,45,40,36,-4,23,13,15,7,15,-20,4,-5,4,10,55,31,42,34,44,14,17,-8,-6,-13,-8,-54,-31,-23,-23,-20,-18,-18,-20,-20,-24,-27,23,26,82,27,21,19,23,23,18,17,29,14,94,74,74,94,93,87,135,78,122,107,163,158,157,36,47,47,62,45,90,90,87,48,62,37,43,43,40,17,16,-69,-78,-173,0,0,0]} 1. e4 c5 2. Nc3 Nc6 3. g3 g6 4. Bg2 Bg7 5. d3 d6 6. Nh3 e5 7. O-O Nge7 8. f4 Nd4 9. fxe5 dxe5 10. Bg5 h6 11. Be3 O-O 12. Qd2 Kh7 13. Nd1 b6 14. c4 Be6 15. Nhf2 Qd7 16. Nc3 Rad8 17. Nd5 f5 18. Rae1 Rf7 19. Nd1 Ndc6 20. N1c3 Ng8 21. Rf2 Nf6 22. Nxf6+ Rxf6 23. Nd5 Rf7 24. Ref1 Rdf8 25. a3 Ne7 26. b4 cxb4 27. axb4 Bxd5 28. exd5 Rd8 29. d4 exd4 30. Bxd4 Bxd4 31. Qxd4 b5 32. Rd2 bxc4 33. Qxc4 Qd6 34. Re1 Qb6+ 35. Qc5 Rd6 36. Re5 Ng8 37. Rde2 Rc7 38. Qxb6 axb6 39. Ra2 Kg7 40. Bf1 Nf6 41. Bg2 Ne4 42. Bxe4 fxe4 1/2-1/2

[Event "Mezinarodni sachovy festival PLZEN 2023 – CALLIDITAS OPEN"]
[Site "Plzen (Ceska republika)"]
[Date "2023.08.21"]
[Round "3.5"]
[White "Chudek, Lubomir"]
[Black "Soural, Jan"]
[Result "0-1"]
[WhiteElo "1748"]
[BlackElo "2210"]
[PlyCount "74"]
[EventDate "2023.08.19"]

1. e4 c5 2. Nf3 Nc6 3. d4 cxd4 4. Nxd4 g6 5. Nxc6 bxc6 6. Qd4 Nf6 7. e5 Nd5 8. e6 Nf6 9. exf7+ Kxf7 10. Be2 Ba6 11. Nc3 Bxe2 12. Nxe2 Bg7 13. O-O d5 14. Qh4 Qd7 15. Bh6 Rab8 16. Bxg7 Kxg7 17. b3 Qg4 18. Qxg4 Nxg4 19. Nd4 c5 20. Ne6+ Kf7 21. Nxc5 Rhc8 22. Nd7 Rb7 23. h3 Rxd7 24. hxg4 Rxc2 25. Rfc1 Rdc7 26. Rxc2 Rxc2 27. b4 Rc4 28. b5 Rxg4 29. a4 Rb4 30. Kf1 Ke6 31. Ke2 Kd6 32. Kd3 Rb2 33. Ke3 Rb4 34. Kd3 e5 35. f3 Kc5 36. Re1 e4+ 37. fxe4 dxe4+ 0-1

[Event "Mezinarodni sachovy festival PLZEN 2023 – CALLIDITAS OPEN"]
[Site "Plzen (Ceska republika)"]
[Date "2023.08.21"]
[Round "3.6"]
[White "Honcharov, Makar"]
[Black "Vilimek, Vit"]
[Result "0-1"]
[WhiteElo "1842"]
[BlackElo "2067"]
[PlyCount "94"]
[EventDate "2023.08.19"]

1. e4 e5 2. Nf3 Nc6 3. Bc4 Bc5 4. c3 Nf6 5. d4 exd4 6. e5 d5 7. Be2 Ne4 8. cxd4 Bb6 9. O-O O-O 10. Nc3 Be6 11. Be3 f6 12. exf6 Qxf6 13. Rc1 h6 14. Na4 Bg4 15. Qb3 Rad8 16. Nxb6 axb6 17. Rfd1 Qf7 18. Rxc6 bxc6 19. Ne5 Bxe2 20. Nxf7 Bxd1 21. Nxh6+ gxh6 22. Qxd1 Rf6 23. Qh5 Kh7 24. Qe5 Rd7 25. f3 Rdf7 26. b4 b5 27. h4 Nd6 28. Qh5 Rg6 29. Qe5 Rxf3 30. Bf4 Ra3 31. h5 Rg7 32. Qe6 Nf7 33. Be5 Nxe5 34. dxe5 Rag3 35. Qf5+ Kh8 36. Qf6 Rxg2+ 37. Kf1 Rg1+ 38. Kf2 R1g2+ 39. Kf3 R2g3+ 40. Kf4 R3g4+ 41. Kf5 R4g5+ 42. Ke6 Rxh5 43. Qf8+ Kh7 44. Qf4 Rhg5 45. Qf8 h5 46. Qe8 h4 47. Kf6 R7g6+ 0-1

[Event "Mezinarodni sachovy festival PLZEN 2023 – CALLIDITAS OPEN"]
[Site "Plzen (Ceska republika)"]
[Date "2023.08.21"]
[Round "3.7"]
[White "Ondrejat, Miroslav"]
[Black "Zemen, Jiri"]
[Result "1/2-1/2"]
[WhiteElo "1861"]
[BlackElo "1851"]
[PlyCount "33"]
[EventDate "2023.08.19"]

1. d4 d5 2. c4 e6 3. Nc3 Nf6 4. Nf3 c5 5. cxd5 exd5 6. g3 Nc6 7. Bg2 Be7 8. O-O O-O 9. dxc5 Bxc5 10. Bg5 d4 11. Bxf6 Qxf6 12. Ne4 Qe7 13. Nxc5 Qxc5 14. Rc1 Qb6 15. b3 Bf5 16. Qd2 Rad8 17. Qf4 1/2-1/2

[Event "Mezinarodni sachovy festival PLZEN 2023 – CALLIDITAS OPEN"]
[Site "Plzen (Ceska republika)"]
[Date "2023.08.21"]
[Round "3.8"]
[White "Klement, Lukas"]
[Black "Mutinsky, Jakub"]
[Result "1-0"]
[WhiteElo "2304"]
[BlackElo "1658"]
[PlyCount "57"]
[EventDate "2023.08.19"]

{[%evp 0,57,19,31,45,68,40,29,25,35,24,32,44,20,25,4,5,8,39,22,7,16,47,-14,24,-16,-30,-29,-4,10,20,23,32,32,41,38,77,51,51,41,337,355,313,309,309,325,436,465,477,372,372,388,380,379,389,387,382,350,460,468]} 1. e4 c5 2. Nf3 e6 3. d4 cxd4 4. Nxd4 Nf6 5. Nc3 Nc6 6. Nxc6 bxc6 7. e5 Nd5 8. Ne4 Bb7 9. c4 Nb4 10. Bg5 Qb8 11. Bf4 Be7 12. Qd2 c5 13. Nc3 a6 14. O-O-O Qc7 15. Qe3 O-O 16. Qg3 Rfd8 17. h4 Rdb8 18. Bh6 Bf8 19. h5 Qd8 20. Bxg7 Bxg7 21. h6 Qf8 22. a3 Kh8 23. hxg7+ Qxg7 24. Qxg7+ Kxg7 25. axb4 cxb4 26. Ne2 Bc6 27. Nf4 a5 28. Bd3 Kf8 29. Rxh7 1-0

[Event "Mezinarodni sachovy festival PLZEN 2023 – CALLIDITAS OPEN"]
[Site "Plzen (Ceska republika)"]
[Date "2023.08.21"]
[Round "3.9"]
[White "Stepanek, Vit"]
[Black "Seterle, Matej"]
[Result "0-1"]
[WhiteElo "1564"]
[BlackElo "1890"]
[PlyCount "52"]
[EventDate "2023.08.19"]

{[%evp 0,52,31,25,75,37,65,26,42,26,50,61,39,-11,-13,0,-14,-14,-5,-17,15,-17,-21,-64,-67,-97,-90,-85,-93,-122,-122,-136,-132,-124,-127,-119,-114,-163,-142,-312,-401,-405,-277,-364,-421,-560,-415,-456,-456,-812,-1371,-29991,-29990,-29997,-29998]} 1. d4 d6 2. Bf4 c6 3. e3 Nf6 4. Nf3 Bg4 5. Nbd2 Nbd7 6. c3 e5 7. Bg5 h6 8. Bxf6 Qxf6 9. Be2 Be7 10. h3 Bf5 11. Nb3 Qg6 12. Rg1 a5 13. dxe5 dxe5 14. Rc1 O-O 15. g4 Be6 16. Nbd2 e4 17. Nd4 Bh4 18. Qc2 Nc5 19. Nxe6 fxe6 20. Rf1 Rf6 21. Nc4 Raf8 22. b4 Nd3+ 23. Bxd3 exd3 24. Qd2 Qe4 25. Nd6 Bxf2+ 26. Kd1 Qf3+ 0-1

[Event "Mezinarodni sachovy festival PLZEN 2023 – CALLIDITAS OPEN"]
[Site "Plzen (Ceska republika)"]
[Date "2023.08.21"]
[Round "3.10"]
[White "Roubal, Matyas"]
[Black "Konig, Vlastislav"]
[Result "1-0"]
[WhiteElo "1856"]
[BlackElo "1514"]
[PlyCount "55"]
[EventDate "2023.08.19"]

1. e4 e5 2. Nf3 Nc6 3. d4 exd4 4. Nxd4 Bc5 5. Nb3 Bb6 6. Nc3 Nf6 7. Bg5 h6 8. Bh4 g5 9. Bg3 d6 10. Be2 Qe7 11. Nd5 Nxd5 12. exd5 Ne5 13. Qd2 Bd7 14. O-O-O O-O-O 15. Rhe1 f5 16. f4 Ng6 17. Bb5 Qf7 18. Bxd7+ Qxd7 19. fxg5 f4 20. Bxf4 Nxf4 21. Qxf4 Rdf8 22. Qe4 hxg5 23. h3 Rf2 24. Rd2 Rhf8 25. Rxf2 Rxf2 26. Nd4 Rf4 27. Qg6 Rf7 28. Qg8+ 1-0

[Event "Mezinarodni sachovy festival PLZEN 2023 – CALLIDITAS OPEN"]
[Site "Plzen (Ceska republika)"]
[Date "2023.08.21"]
[Round "3.11"]
[White "Hajek, Jindrich"]
[Black "Koper, Stefan"]
[Result "0-1"]
[WhiteElo "1517"]
[BlackElo "1720"]
[PlyCount "112"]
[EventDate "2023.08.19"]

1. e4 g6 2. Nf3 Bg7 3. d4 d6 4. Bc4 Nf6 5. Nc3 c6 6. O-O O-O 7. Qd3 b5 8. Bb3 b4 9. Ne2 a5 10. a4 Ba6 11. Bc4 Bxc4 12. Qxc4 Nxe4 13. Be3 d5 14. Qd3 Nd7 15. Nd2 Nxd2 16. Qxd2 e5 17. Bh6 Bxh6 18. Qxh6 exd4 19. Nxd4 Qf6 20. c3 bxc3 21. bxc3 Nc5 22. f4 Rac8 23. Rf3 Ne4 24. g4 c5 25. Nb5 d4 26. g5 Qg7 27. Qxg7+ Kxg7 28. cxd4 cxd4 29. Nxd4 Rc4 30. Nb5 Rd8 31. Ra2 Nc5 32. Rc3 Rxa4 33. Rxa4 Nxa4 34. Ra3 Nc5 35. Rxa5 Ne6 36. Ra4 Rd5 37. Nc3 Rc5 38. Ne2 Rc2 39. Kf2 Nc5 40. Rd4 Ra2 41. Kf3 Ra3+ 42. Kg2 h5 43. gxh6+ Kxh6 44. Ng3 Ra2+ 45. Kg1 Ne6 46. Re4 Rb2 47. h4 Ng7 48. Re7 f5 49. Rf7 Rb4 50. h5 Nxh5 51. Nxh5 Kxh5 52. Rh7+ Kg4 53. Rh6 Rb6 54. Kf2 Kxf4 55. Rh4+ Kg5 56. Rd4 Rb3 0-1

[Event "Mezinarodni sachovy festival PLZEN 2023 – CALLIDITAS OPEN"]
[Site "Plzen (Ceska republika)"]
[Date "2023.08.21"]
[Round "3.12"]
[White "Kalista, Karel"]
[Black "Hodl, Vojtech"]
[Result "1-0"]
[WhiteElo "1657"]
[BlackElo "1352"]
[PlyCount "89"]
[EventDate "2023.08.19"]

1. d4 e6 2. Nf3 f5 3. c4 Nf6 4. g3 Be7 5. Bg2 O-O 6. O-O d6 7. Nc3 Qe8 8. b3 a5 9. Bb2 Ne4 10. Qc2 Qg6 11. Nxe4 fxe4 12. Nd2 d5 13. f3 exf3 14. Qxg6 hxg6 15. Nxf3 Bf6 16. Ne5 Nc6 17. cxd5 Ne7 18. dxe6 Bxe6 19. Bxb7 Rab8 20. Be4 Bxe5 21. dxe5 Nf5 22. Rac1 a4 23. Ba3 axb3 24. Bxf8 b2 25. Ba3 bxc1=Q 26. Rxc1 Nd4 27. Kf2 Rb5 28. Rc5 Kh7 29. Ke3 Nf5+ 30. Bxf5 Rxc5 31. Bxc5 gxf5 32. a4 g5 33. a5 Bc4 34. Kd4 Bxe2 35. e6 Kg6 36. Ke5 Bd3 37. e7 Kf7 38. a6 Bxa6 39. Kxf5 g4 40. Kxg4 Bb5 41. Kf4 Kf6 42. g4 Be8 43. h4 Kg6 44. h5+ Kh6 45. Be3 1-0

[Event "Mezinarodni sachovy festival PLZEN 2023 – CALLIDITAS OPEN"]
[Site "Plzen (Ceska republika)"]
[Date "2023.08.21"]
[Round "3.14"]
[White "Velickov, Dominik"]
[Black "Krisman, Ondrej"]
[Result "1-0"]
[WhiteElo "1376"]
[BlackElo "1603"]
[PlyCount "117"]
[EventDate "2023.08.19"]

1. e4 e5 2. Nf3 Nc6 3. Bb5 a6 4. Ba4 Nf6 5. d3 d6 6. O-O g6 7. c4 Bg7 8. Nc3 O-O 9. Be3 Ng4 10. Bg5 f6 11. Bd2 Be6 12. Qc1 f5 13. h3 Nf6 14. Ng5 Bd7 15. f4 exf4 16. Bxf4 Ne5 17. Bxd7 Qxd7 18. Bxe5 dxe5 19. Nd5 fxe4 20. dxe4 h6 21. Nxf6+ Rxf6 22. Rxf6 Bxf6 23. Nf3 Kg7 24. Qd1 Rd8 25. Qxd7+ Rxd7 26. Kf1 c5 27. Ke2 Kf7 28. Rd1 Rxd1 29. Kxd1 Ke6 30. Ne1 b5 31. cxb5 axb5 32. a3 Be7 33. b3 h5 34. Kc2 Kf6 35. a4 bxa4 36. bxa4 Bd8 37. Kb3 Kg5 38. g3 Kf6 39. Kc4 g5 40. g4 hxg4 41. hxg4 Ke6 42. Kxc5 Be7+ 43. Kc6 Bb4 44. Nf3 Kf6 45. Kb5 Bc3 46. a5 Bd4 47. Nxd4 exd4 48. Kc4 Ke5 49. a6 Kxe4 50. a7 Kf4 51. Kxd4 Kxg4 52. Ke3 Kg3 53. Ke2 g4 54. Kf1 Kh3 55. Kg1 g3 56. Kh1 g2+ 57. Kg1 Kg3 58. a8=R Kf4 59. Kxg2 1-0

[Event "Mezinarodni sachovy festival PLZEN 2023 – CALLIDITAS OPEN"]
[Site "Plzen (Ceska republika)"]
[Date "2023.08.21"]
[Round "3.17"]
[White "Soutner, Jaroslav"]
[Black "Roubal, Frantisek"]
[Result "1-0"]
[WhiteElo "1695"]
[BlackElo "1293"]
[PlyCount "101"]
[EventDate "2023.08.19"]

{[%evp 0,59,18,16,42,45,79,72,61,61,94,89,89,68,60,76,102,89,84,76,63,41,53,42,27,-1,5,2,-9,5,35,24,36,20,4,7,56,18,38,51,40,47,49,66,59,16,32,-7,33,16,32,0,37,34,57,32,59,57,75,26,41,4]} 1. e4 d5 2. exd5 Qxd5 3. Nc3 Qa5 4. d4 c6 5. Nf3 Nf6 6. Bc4 Bg4 7. h3 Bh5 8. Bd2 Qc7 9. g4 Bg6 10. Ne5 e6 11. Nxg6 hxg6 12. Qe2 Nbd7 13. O-O-O O-O-O 14. Bb3 Bd6 15. Qf3 Nb6 16. Ne4 Nxe4 17. Qxe4 Rde8 18. Qf3 Qd7 19. c4 Bc7 20. Bc3 f6 21. Kb1 Kb8 22. Rde1 g5 23. Qd1 Bf4 24. Qf3 Bc7 25. Qg2 Nc8 26. Bc2 Qf7 27. b3 Nd6 28. Bd3 Re7 29. f3 Nc8 30. Qf2 Bf4 31. h4 Rxh4 32. Rxh4 gxh4 33. Qxh4 Bh6 34. Qf2 Qe8 35. f4 Qd7 36. Bc2 Qd6 37. f5 e5 38. dxe5 fxe5 39. Rd1 Qc7 40. Bd2 Bxd2 41. Qxd2 Qb6 42. g5 c5 43. Qd5 Qc7 44. Be4 Nb6 45. Qg8+ Nc8 46. f6 gxf6 47. Bf5 Rg7 48. Qf8 Rxg5 49. Bxc8 a6 50. Bxb7+ Ka7 51. Qa8+ 1-0

[Event "Mezinarodni sachovy festival PLZEN 2023 – CALLIDITAS OPEN"]
[Site "Plzen (Ceska republika)"]
[Date "2023.08.21"]
[Round "3.18"]
[White "Zoufaly, Petr"]
[Black "Souralova, Venuse"]
[Result "1-0"]
[WhiteElo "1603"]
[BlackElo "1405"]
[PlyCount "45"]
[EventDate "2023.08.19"]

1. d4 d5 2. Nf3 Nf6 3. e3 e6 4. Bd3 c5 5. c3 cxd4 6. exd4 Be7 7. Bg5 Ne4 8. Bxe7 Qxe7 9. Nbd2 Nxd2 10. Qxd2 Nc6 11. O-O O-O 12. Rfe1 Bd7 13. Re3 Rac8 14. Rae1 a6 15. Qd1 b5 16. Ne5 Nxe5 17. dxe5 a5 18. Bxh7+ Kxh7 19. Qh5+ Kg8 20. Rh3 f6 21. Ree3 Be8 22. Qh7+ Kf7 23. exf6 1-0

[Event "Mezinarodni sachovy festival PLZEN 2023 – CALLIDITAS OPEN"]
[Site "Plzen (Ceska republika)"]
[Date "2023.08.21"]
[Round "3.19"]
[White "Tirb, Alexej"]
[Black "Krivka, Lukas"]
[Result "1/2-1/2"]
[WhiteElo "1213"]
[BlackElo "1380"]
[PlyCount "130"]
[EventDate "2023.08.19"]

1. e4 c6 2. d4 d5 3. exd5 cxd5 4. Nf3 Bg4 5. h3 Bh5 6. Bf4 e6 7. Be2 Bd6 8. Bg3 Bxg3 9. fxg3 Qc7 10. g4 Qg3+ 11. Kf1 Bg6 12. Nc3 a6 13. a3 Nf6 14. Qe1 Qxe1+ 15. Nxe1 Nc6 16. Rd1 Ne4 17. Nxe4 Bxe4 18. Rd2 Rc8 19. c3 Na5 20. Bd3 Nc4 21. Bxc4 dxc4 22. Re2 Bd5 23. Rd2 O-O 24. Nc2 f6 25. Rg1 Be4 26. Ke1 Bxc2 27. Rxc2 Rfe8 28. Rf1 b5 29. Rff2 Rcd8 30. Rc1 e5 31. dxe5 Rxe5+ 32. Re2 Rxe2+ 33. Kxe2 Rd3 34. b3 Kf7 35. bxc4 bxc4 36. a4 a5 37. Ke1 Ke6 38. Rc2 Re3+ 39. Re2 Rxe2+ 40. Kxe2 Ke5 41. Ke3 g6 42. g3 g5 43. Kf3 h6 44. Ke3 Kd5 45. Kf3 Kc5 46. Ke4 Kd6 47. Kd4 Ke6 48. Kxc4 f5 49. gxf5+ Kxf5 50. Kb5 Ke4 51. c4 Kf3 52. c5 Kxg3 53. c6 Kxh3 54. c7 h5 55. c8=Q+ g4 56. Kxa5 h4 57. Qc3+ g3 58. Kb4 Kh2 59. Qe1 h3 60. a5 g2 61. a6 g1=Q 62. Qxg1+ Kxg1 63. a7 h2 64. a8=Q h1=Q 65. Qxh1+ Kxh1 1/2-1/2

[Event "Mezinarodni sachovy festival PLZEN 2023 – CALLIDITAS OPEN"]
[Site "Plzen (Ceska republika)"]
[Date "2023.08.21"]
[Round "3.20"]
[White "Zelenka, Tomas"]
[Black "Tykalova, Barbora"]
[Result "1-0"]
[WhiteElo "1280"]
[BlackElo "1154"]
[PlyCount "79"]
[EventDate "2023.08.19"]

1. e4 d5 2. exd5 Nf6 3. Nc3 Nxd5 4. d4 Nc6 5. Nxd5 Qxd5 6. Nf3 Bg4 7. Be2 O-O-O 8. c3 e6 9. O-O Bd6 10. a4 Qh5 11. h3 Bf5 12. Ne5 Qh4 13. Nxf7 Rd7 14. Nxd6+ Rxd6 15. b4 e5 16. b5 Nb8 17. Qb3 exd4 18. cxd4 Qxd4 19. Be3 Be6 20. Qc2 Qb4 21. Rac1 Rd7 22. Bf3 Bb3 23. Qf5 Rhd8 24. Bf4 Qa5 25. Rxc7+ Qxc7 26. Rc1 Qxc1+ 27. Bxc1 Re8 28. Qc5+ Rc7 29. Bg4+ Nd7 30. Bxd7+ Kxd7 31. Qf5+ Be6 32. Qd3+ Kc8 33. Be3 Rd8 34. Qxh7 Bb3 35. Bxa7 Bxa4 36. Qf5+ Rdd7 37. b6 Rc1+ 38. Kh2 Re1 39. Qf4 Bc6 40. Qb8# 1-0

[Event "Mezinarodni sachovy festival PLZEN 2023 – CALLIDITAS OPEN"]
[Site "Plzen (Ceska republika)"]
[Date "2023.08.21"]
[Round "3.21"]
[White "Mojzisova, Barbora"]
[Black "Fakan, Petr"]
[Result "1-0"]
[WhiteElo "1119"]
[BlackElo "1240"]
[PlyCount "31"]
[EventDate "2023.08.19"]

1. e4 Nc6 2. Nf3 d6 3. d4 f5 4. Nc3 Nf6 5. d5 fxe4 6. dxc6 exf3 7. cxb7 Bxb7 8. gxf3 e5 9. Bg5 Be7 10. Bh3 Bc8 11. Bxc8 Qxc8 12. Qd3 O-O 13. Nd5 Qd7 14. Nxf6+ Bxf6 15. Bxf6 Rxf6 16. Qd5+ 1-0

[Event "Mezinarodni sachovy festival PLZEN 2023 – CALLIDITAS OPEN"]
[Site "Plzen (Ceska republika)"]
[Date "2023.08.21"]
[Round "4.1"]
[White "Eret, Matous"]
[Black "Wawra, Juergen"]
[Result "1-0"]
[WhiteElo "2321"]
[BlackElo "1970"]
[PlyCount "75"]
[EventDate "2023.08.19"]

1. e4 c5 2. Nf3 e6 3. d3 Nc6 4. g3 d5 5. Nbd2 Nf6 6. Bg2 Be7 7. O-O O-O 8. Re1 dxe4 9. dxe4 e5 10. c3 Bg4 11. h3 Be6 12. Qe2 h6 13. Nc4 Qc7 14. Nh4 Rfd8 15. Ne3 Bf8 16. Qf3 c4 17. Nef5 Nh7 18. Bf1 Rd7 19. g4 Rad8 20. Ng2 Ng5 21. Qg3 f6 22. h4 Nf7 23. g5 fxg5 24. hxg5 hxg5 25. Bxg5 Nxg5 26. Qxg5 Ne7 27. Nge3 Nxf5 28. exf5 Bf7 29. Ng4 Qb6 30. Rxe5 Rd2 31. Rae1 R8d6 32. Re6 Bxe6 33. fxe6 Qd8 34. e7 Bxe7 35. Rxe7 Qf8 36. Bxc4+ Kh7 37. Qh5+ Rh6 38. Qxh6# 1-0

[Event "Mezinarodni sachovy festival PLZEN 2023 – CALLIDITAS OPEN"]
[Site "Plzen (Ceska republika)"]
[Date "2023.08.21"]
[Round "4.2"]
[White "Soural, Jan"]
[Black "Mametev, Artem"]
[Result "0-1"]
[WhiteElo "2210"]
[BlackElo "2035"]
[PlyCount "72"]
[EventDate "2023.08.19"]

1. Nf3 Nf6 2. c4 g6 3. Nc3 Bg7 4. e4 d6 5. d4 O-O 6. Be2 e5 7. d5 a5 8. Bg5 h6 9. Be3 Ng4 10. Bd2 f5 11. h3 Nf6 12. exf5 gxf5 13. Qc1 f4 14. g3 e4 15. Nh4 e3 16. fxe3 fxg3 17. Ng6 g2 18. Rg1 Bxh3 19. Qc2 Ng4 20. O-O-O Nf2 21. Nxf8 Qxf8 22. Be1 Nxd1 23. Nxd1 Nd7 24. Nf2 Bf5 25. e4 Bh7 26. Rxg2 Kh8 27. Bg4 Ne5 28. Bf5 Qe8 29. Bxh7 Kxh7 30. Bc3 Qh5 31. Qd1 Qxd1+ 32. Kxd1 Bh8 33. Ke2 Ng6 34. Kd2 Bxc3+ 35. Kxc3 Rf8 36. Kd2 Nh4 0-1

[Event "Mezinarodni sachovy festival PLZEN 2023 – CALLIDITAS OPEN"]
[Site "Plzen (Ceska republika)"]
[Date "2023.08.21"]
[Round "4.3"]
[White "Vilimek, Vit"]
[Black "Hlavac, Rudolf"]
[Result "1-0"]
[WhiteElo "2067"]
[BlackElo "1856"]
[PlyCount "133"]
[EventDate "2023.08.19"]

1. e4 c5 2. Nf3 Nc6 3. Nc3 e5 4. Bc4 Be7 5. O-O d6 6. d3 h6 7. a4 Nf6 8. h3 O-O 9. Nh2 Be6 10. Ng4 Nxg4 11. Bxe6 fxe6 12. Qxg4 Rf6 13. Be3 Qe8 14. f4 Qg6 15. Qxg6 Rxg6 16. f5 Rf6 17. fxe6 Rxe6 18. Nd5 Rf8 19. c3 Bd8 20. b4 b6 21. Rfb1 Ne7 22. bxc5 dxc5 23. a5 Nxd5 24. exd5 Re7 25. axb6 axb6 26. Ra4 Rd7 27. c4 Kh7 28. Ra2 Rff7 29. Re2 Ra7 30. Bc1 Rfe7 31. Bb2 Bc7 32. Ra1 Rxa1+ 33. Bxa1 Kg6 34. Re4 Bd6 35. Kf2 Kf6 36. Ke3 Ra7 37. Bb2 Ra2 38. Rf4+ Ke7 39. Rf2 g6 40. Ke4 b5 41. cxb5 Ra4+ 42. Kf3 Rb4 43. Bc1 Rxb5 44. Bxh6 Rb3 45. Ke4 Rb4+ 46. Ke3 Rd4 47. Bg5+ Ke8 48. Rf6 Rxd5 49. Rxg6 Kf7 50. Rf6+ Kg7 51. h4 Rd4 52. h5 c4 53. h6+ Kg8 54. dxc4 Bc5 55. Kf3 Rxc4 56. Rg6+ Kh8 57. Rc6 Rc3+ 58. Kg4 Bd4 59. Rd6 Rc8 60. Rd7 Rf8 61. Kh5 Bc3 62. Be7 Rf4 63. Kg6 Rg4+ 64. Bg5 Ba5 65. Rf7 Bb4 66. Rc7 Bf8 67. Rc8 1-0

[Event "Mezinarodni sachovy festival PLZEN 2023 – CALLIDITAS OPEN"]
[Site "Plzen (Ceska republika)"]
[Date "2023.08.21"]
[Round "4.4"]
[White "Hurtak, Otto"]
[Black "Vlk, Miloslav"]
[Result "1-0"]
[WhiteElo "1949"]
[BlackElo "1963"]
[PlyCount "51"]
[EventDate "2023.08.19"]

1. c4 c5 2. Nc3 Nf6 3. g3 d5 4. cxd5 Nxd5 5. Bg2 Nc7 6. e3 e5 7. Nge2 Nc6 8. O-O Be7 9. f4 exf4 10. Nxf4 O-O 11. b3 Bf6 12. Ba3 Nb4 13. Rc1 Bf5 14. Nh5 Bxc3 15. dxc3 Qxd1 16. Rcxd1 Bg4 17. cxb4 Bxh5 18. Rd7 Nb5 19. Bb2 cxb4 20. Rd5 Be2 21. Re1 Rfd8 22. Rxe2 Nc3 23. Bxc3 bxc3 24. Rc2 Rxd5 25. Bxd5 Rc8 26. Bxb7 1-0

[Event "Mezinarodni sachovy festival PLZEN 2023 – CALLIDITAS OPEN"]
[Site "Plzen (Ceska republika)"]
[Date "2023.08.21"]
[Round "4.5"]
[White "Zemen, Jiri"]
[Black "Klement, Lukas"]
[Result "0-1"]
[WhiteElo "1851"]
[BlackElo "2304"]
[PlyCount "42"]
[EventDate "2023.08.19"]

1. e4 c5 2. Nf3 a6 3. d4 cxd4 4. Nxd4 Nf6 5. Nc3 e5 6. Nb3 Bb4 7. Bd3 O-O 8. O-O Bxc3 9. bxc3 d6 10. a4 Be6 11. Ba3 Qc7 12. Qe2 Nbd7 13. a5 Rfd8 14. Bb4 Rac8 15. f3 Nb8 16. Rfd1 Nh5 17. g3 Nf6 18. Rd2 Nc6 19. Bc4 Nxb4 20. Bxe6 Nxc2 21. Bxf7+ Qxf7 0-1

[Event "Mezinarodni sachovy festival PLZEN 2023 – CALLIDITAS OPEN"]
[Site "Plzen (Ceska republika)"]
[Date "2023.08.21"]
[Round "4.6"]
[White "Koper, Stefan"]
[Black "Olbrich, Joachim"]
[Result "1/2-1/2"]
[WhiteElo "1720"]
[BlackElo "2107"]
[PlyCount "55"]
[EventDate "2023.08.19"]

{[%evp 0,25,19,30,54,80,79,37,37,52,77,88,78,70,96,77,81,71,73,92,101,101,113,62,69,76,106,106]} 1. d4 c5 2. d5 e5 3. c4 d6 4. e4 g6 5. Bd3 Bg7 6. Nc3 Ne7 7. h4 h6 8. h5 g5 9. g4 Na6 10. f3 Nc7 11. a4 b6 12. Bd2 Bd7 13. Nge2 a6 14. Ng3 Rb8 15. Nf5 Nxf5 16. exf5 b5 17. axb5 axb5 18. Ne4 Ke7 19. Ba5 bxc4 20. Bxc4 Bb5 21. b3 Qd7 22. O-O Rb7 23. Qd3 Rhb8 24. Ra3 f6 25. Bxc7 Qxc7 26. Rfa1 Qb6 27. Nd2 Bf8 28. Kf1 1/2-1/2

[Event "Mezinarodni sachovy festival PLZEN 2023 – CALLIDITAS OPEN"]
[Site "Plzen (Ceska republika)"]
[Date "2023.08.21"]
[Round "4.7"]
[White "Kalista, Karel"]
[Black "Kubat, Miroslav"]
[Result "0-1"]
[WhiteElo "1657"]
[BlackElo "1922"]
[PlyCount "110"]
[EventDate "2023.08.19"]

1. d4 Nf6 2. c4 g6 3. Nc3 Bg7 4. Nf3 O-O 5. h3 d5 6. Qb3 c6 7. cxd5 cxd5 8. Bg5 e6 9. e3 Nc6 10. Be2 a6 11. O-O b5 12. Rac1 Bd7 13. Ne5 Na5 14. Qd1 h6 15. Bf4 Qb6 16. b3 Rac8 17. Qd2 Rfd8 18. Nxd7 Nxd7 19. Nb1 Nb7 20. Rxc8 Rxc8 21. Rc1 Rxc1+ 22. Qxc1 Nd6 23. Nd2 Bf8 24. Nf3 Qb7 25. Ne5 Nxe5 26. Bxe5 b4 27. Bxd6 Bxd6 28. Qc2 a5 29. g3 Kg7 30. Kg2 f5 31. f4 g5 32. Qc1 Kg6 33. Qc2 h5 34. g4 hxg4 35. hxg4 gxf4 36. gxf5+ exf5 37. Bg4 Qd7 38. exf4 Bxf4 39. Kf3 Bd6 40. Bh3 Qe6 41. Qe2 Qe4+ 42. Qxe4 dxe4+ 43. Ke3 Kg5 44. Bf1 Bf4+ 45. Kf2 Bd2 46. Ke2 Bc1 47. d5 Kf6 48. Kd1 Bg5 49. Bc4 Ke5 50. Ke2 f4 51. Kf2 Bh4+ 52. Ke2 Kd4 53. d6 f3+ 54. Kf1 e3 55. d7 Kc3 0-1

[Event "Mezinarodni sachovy festival PLZEN 2023 – CALLIDITAS OPEN"]
[Site "Plzen (Ceska republika)"]
[Date "2023.08.21"]
[Round "4.8"]
[White "Seterle, Matej"]
[Black "Hladun, Bartlomiej"]
[Result "0-1"]
[WhiteElo "1890"]
[BlackElo "1632"]
[PlyCount "86"]
[EventDate "2023.08.19"]

1. d3 Nf6 2. c3 c5 3. Nf3 d5 4. Bg5 Nc6 5. Nbd2 e5 6. Qa4 Bd7 7. Qb3 Qb6 8. e4 Be6 9. Qc2 Be7 10. Be2 O-O 11. O-O Rad8 12. Bh4 h6 13. Bg3 Nd7 14. Nh4 d4 15. Nf5 Bf6 16. f4 exf4 17. Bxf4 Bxf5 18. exf5 dxc3 19. bxc3 c4+ 20. d4 Nxd4 21. cxd4 Bxd4+ 22. Kh1 Bxa1 23. Rxa1 Qf2 24. Bf3 Qd4 25. Rf1 Qxf4 26. Be2 Qd4 27. Nf3 Qc5 28. g4 b5 29. g5 hxg5 30. Nxg5 Nf6 31. Rg1 Rfe8 32. Bf3 Qe3 33. Qg2 Rd2 34. Qg3 c3 35. Nxf7 Qxg1+ 36. Qxg1 Kxf7 37. Qc1 Re3 38. Bc6 Red3 39. Qa3 c2 40. Qxa7+ Rd7 41. Qa3 Rd1+ 42. Kg2 c1=Q 43. Qb3+ Qc4 0-1

[Event "Mezinarodni sachovy festival PLZEN 2023 – CALLIDITAS OPEN"]
[Site "Plzen (Ceska republika)"]
[Date "2023.08.21"]
[Round "4.9"]
[White "Krivka, Matej"]
[Black "Ondrejat, Miroslav"]
[Result "1/2-1/2"]
[WhiteElo "1572"]
[BlackElo "1861"]
[PlyCount "45"]
[EventDate "2023.08.19"]

1. e4 c5 2. Nf3 d6 3. d4 cxd4 4. Nxd4 Nf6 5. Nc3 a6 6. f3 e5 7. Nb3 Be6 8. Be3 Be7 9. Qd2 O-O 10. O-O-O b5 11. g4 Nfd7 12. h4 Nb6 13. Nd5 Bxd5 14. Bxb6 Qxb6 15. exd5 a5 16. Kb1 b4 17. h5 Nd7 18. g5 a4 19. Nc1 Nc5 20. Nd3 b3 21. cxb3 Nxb3 22. axb3 axb3 23. Qb4 1/2-1/2

[Event "Mezinarodni sachovy festival PLZEN 2023 – CALLIDITAS OPEN"]
[Site "Plzen (Ceska republika)"]
[Date "2023.08.21"]
[Round "4.10"]
[White "Velickov, Dominik"]
[Black "Roubal, Matyas"]
[Result "1/2-1/2"]
[WhiteElo "1376"]
[BlackElo "1856"]
[PlyCount "56"]
[EventDate "2023.08.19"]

1. e4 c5 2. Nf3 Nc6 3. d4 cxd4 4. Nxd4 g6 5. Be3 Bg7 6. Nc3 Nf6 7. Bc4 O-O 8. Bb3 Re8 9. O-O d6 10. h3 Na5 11. Qd3 Nxb3 12. axb3 b6 13. Nd5 Bb7 14. Nxf6+ exf6 15. f3 d5 16. exd5 Qxd5 17. Bf2 a6 18. b4 f5 19. c3 b5 20. Rfd1 Red8 21. Bh4 Rd7 22. Qc2 Qc4 23. Bf2 Rc8 24. Qd3 Qd5 25. Qb1 Rcd8 26. Qa2 Bxd4 27. Rxd4 Qxa2 28. Rxa2 Rxd4 1/2-1/2